000 00855nmm a2200289 a 4500
003 AR-BaBNM
005 20251128211826.0
008 296020s[199 ||||||||||||||000 | spa||
020 _a987-503-124-0
040 _cAR-BaBNM
100 1 _aBianchi, Patrizio
245 1 0 _aConstruir el mercado
_blecciones de la Unión Europea : el desarrollo de las instituciones y de las políticas de competividad
260 _aBuenos Aires
_bLa Página S. A.
_c[199-?]
300 0 _a95 p.
610 2 4 _aUnión Europea
650 4 _aMERCADO INTERNACIONAL
650 4 _aINTEGRACION ECONOMICA
650 4 _aECONOMIA INTERNACIONAL
650 4 _aECONOMIA NACIONAL
650 4 _aPODERES DEL ESTADO
650 4 _aDESARROLLO ECONOMICO
650 4 _aPOLITICA ECONOMICA
651 4 _aEuropa
651 4 _aAmérica Latina
942 _cBK
998 _cna-calidad
999 _c21272
_d21272